Co-52 resistance allele contributes to induce basal defense against Colletotrichum lindemuthianum race 7 (Registro n. 328896)
[ somente texto ]
| 000 -LÍDER | |
|---|---|
| fixed length control field | 03498nab a2200325 i 4500 |
| 003 - CÓDIGO MARC DA AGÊNCIA CATALOGADORA | |
| Campo de controle | BR-BrBNA |
| 005 - DATA E HORA DA ÚLTIMA ATUALIZAÇÃO | |
| Campo de controle | 20241128095610.0 |
| 008 - CAMPO DE TAMANHO FIXO | |
| fixed length control field | 241128b2022 bl.ar|pooa||| 00| 0 eng | |
| 040 ## - FONTE DA CATALOGAÇÃO | |
| Agência catalogadora | BR-BrBNA |
| Idioma da catalogação | eng |
| 072 ## - CATEGORIA AGRIS | |
| Código AGRIS | F30 |
| Código do objeto | 1410 |
| 072 ## - CATEGORIA AGRIS | |
| Código AGRIS | H20 |
| 100 ## - ENTRADA PRINCIPAL - NOME PESSOAL | |
| Nome pessoal | Pedroza-Padilla, Marlene Carolina |
| 100 ## - ENTRADA PRINCIPAL - NOME PESSOAL | |
| Nome pessoal | Rodríguez-Arévalo, Kevin Alejandro |
| 100 ## - ENTRADA PRINCIPAL - NOME PESSOAL | |
| Nome pessoal | Rincón-Rivera, Linda Jeimmy |
| 100 ## - ENTRADA PRINCIPAL - NOME PESSOAL | |
| Nome pessoal | González-Almario, Adriana |
| 245 ## - TÍTULO PRINCIPAL | |
| Título principal | Co-52 resistance allele contributes to induce basal defense against Colletotrichum lindemuthianum race 7 |
| 500 ## - NOTA GERAL | |
| Nota geral | Publicação online; 31 ref.; 5 illus.; Summaries (En, Pt) |
| 942 ## - ADDED ENTRY ELEMENTS (KOHA) | |
| Koha item type | Analítica |
| 520 ## - NOTA DE RESUMO | |
| Nota de conteúdo | <br/><br/>ABSTRACT - The role of the Co-52 and Co-42 alleles in the early activation of bean immunity against Colletotrichum lindemuthianum is poorly known. Thus, by using the anthracnose-susceptible Sutagao cultivar and the anthracnoseresistant bean G2333, this study aimed to evaluate the presence of the Co-42 and Co-52 alleles by SCAR markers, as well as their role in the respective defense responses, using histochemical tests and differential gene expression. The results showed that the Co-52 allele contributes to defense responses against anthracnose, since susceptible beans with the Co-42 allele and without the Co-52 allele decreased both the number of callose deposits and the accumulation of reactive oxygen species at the fungus attack sites. Additionally, for the Sutagao cultivar, there was a late response of defense-related genes such as PR-1, PR-3 and Pv-POD. The Co-52 allele contributes to induce defense mechanisms in the Phaseolus vulgaris and C. lindemuthianum interaction.<br/><br/><br/>KEYWORDS: Phaseolus vulgaris L., anthracnose, callose deposits, plant defense. |
| 520 ## - NOTA DE RESUMO | |
| Nota de conteúdo | <br/><br/>RESUMO - Alelo de resistência Co-52 contribui para induzir a defesa basal contra Colletotrichum lindemuthianum raça 7 - Em feijoeiro, pouco se conhece sobre o papel dos alelos Co-52 e Co-42 na ativação precoce da imunidade da planta ao fungo Colletotrichum lindemuthianum. Utilizando-se a cultivar Sutagao suscetível à antracnose e o feijoeiro G2333 resistente à antracnose, objetivou-se avaliar a presença dos alelos Co-42 e Co-52 por meio de marcadores SCAR, bem como sua função nas respectivas respostas de defesa, por meio de testes histoquímicos e expressão gênica diferencial. Os resultados mostraram que o alelo Co-52 contribui para as respostas de defesa contra a antracnose, uma vez que os feijoeiros suscetíveis com o alelo Co-42 e sem o alelo Co-52 diminuíram tanto a quantidade de depósitos de calose quanto o acúmulo de espécies reativas de oxigênio nos locais de ataque do fungo. Ademais, para a cultivar Sutagao, houve resposta tardia de genes relacionados à defesa, como PR-1, PR-3 e Pv-POD. O alelo Co-52 contribui para induzir mecanismos de defesa na interação entre Phaseolus vulgaris e C. lindemuthianum.<br/><br/><br/>PALAVRAS-CHAVE: Phaseolus vulgaris L., antracnose, depósitos de calose, defesa vegetal. |
| 650 ## - ASSUNTO - THESAGRO | |
| Cabeçalho tópico ou nome geográfico | FEIJÃO |
| 650 ## - ASSUNTO - THESAGRO | |
| Cabeçalho tópico ou nome geográfico | ANTRACNOSE |
| 650 ## - ASSUNTO - THESAGRO | |
| Cabeçalho tópico ou nome geográfico | DOENÇA FÚNGICA |
| 650 ## - ASSUNTO - THESAGRO | |
| Cabeçalho tópico ou nome geográfico | MARCADOR MOLECULAR |
| 650 ## - ASSUNTO - THESAGRO | |
| Cabeçalho tópico ou nome geográfico | VARIEDADE RESISTENTE |
| 650 ## - ASSUNTO - THESAGRO | |
| Cabeçalho tópico ou nome geográfico | DEFESA VEGETAL |
| 773 0# - ENTRADA ANALÍTICA | |
| Host Biblionumber | 3248 |
| Registro do item | 317348 |
| Imprenta | Goiânia-GO UFG. Escola de Agronomia 1999 |
| Outro identificador | 2024-4000 |
| Título | Pesquisa Agropecuária Tropical (Brazil) |
| ISSN | 1517-6398 |
| Colação | v. 52 p. 1-9; (2022) |
| Número de controle de registro | BR2024003630 |
| 856 ## - ACESSO E ENDEREÇO ELETRÔNICO | |
| Identificador uniforme de recurso - URI | https://www.scielo.br/j/pat/a/kcrGJXNGRnfTFPNNJ736J7S/?format=pdf&lang=en |
Nenhum exemplar disponível.

BINAGRI